FASII all India directory and handbook of small industries (Record no. 365193)

000 -LEADER
fixed length control field 00339cam a22001097a 4500
008 - FIXED-LENGTH DATA ELEMENTS--GENERAL INFORMATION
fixed length control field 180718b1966 xxu||||| |||| 00| 0 eng d
082 ## - DEWEY DECIMAL CLASSIFICATION NUMBER
Classification number T2196055x54 F317
245 ## - TITLE STATEMENT
Title FASII all India directory and handbook of small industries
260 ## - PUBLICATION, DISTRIBUTION, ETC.
Place of publication, distribution, etc. New Delhi
Name of publisher, distributor, etc. FASII
Date of publication, distribution, etc. 1966
300 ## - PHYSICAL DESCRIPTION
Extent 1300p.
650 ## - SUBJECT ADDED ENTRY--TOPICAL TERM
Topical term or geographic name entry element Industry, Small Scale - India - Directories
Holdings
Withdrawn status Lost status Damaged status Not for loan Permanent Location Current Location Date acquired Full call number Barcode Date last seen Price effective from Koha item type
        Indian Institute of Public Administration Indian Institute of Public Administration 1994-04-18 T2196055x54 F317 40460 2018-07-21 2018-07-21 Book

Powered by Koha